Ramayana / (Record no. 155717)

MARC details
000 -LEADER
fixed length control field 00509nam a22002057a 4500
003 - CONTROL NUMBER IDENTIFIER
control field dpl
005 - DATE AND TIME OF LATEST TRANSACTION
control field 20180809151127.0
008 - FIXED-LENGTH DATA ELEMENTS--GENERAL INFORMATION
fixed length control field 180809b xxu||||| |||| 00| 0 eng d
010 ## - LIBRARY OF CONGRESS CONTROL NUMBER
LC control number B-508116
020 ## - INTERNATIONAL STANDARD BOOK NUMBER
Terms of availability 0.00
035 ## - SYSTEM CONTROL NUMBER
System control number B-508116
037 ## - SOURCE OF ACQUISITION
Source of stock number/acquisition BPPD/PUB
040 ## - CATALOGING SOURCE
Transcribing agency 0
082 ## - DEWEY DECIMAL CLASSIFICATION NUMBER
Classification number 230.1
245 ## - TITLE STATEMENT
Title Ramayana /
300 ## - PHYSICAL DESCRIPTION
Extent 256p. :
Other physical details col photos
Dimensions 30cm. (Hb)
650 ## - SUBJECT ADDED ENTRY--TOPICAL TERM
Topical term or geographic name as entry element Kathakali plays
650 ## - SUBJECT ADDED ENTRY--TOPICAL TERM
Topical term or geographic name as entry element Rāma (Hindu deity)
942 ## - ADDED ENTRY ELEMENTS (KOHA)
Institution code [OBSOLETE] dpl
Koha item type English Books
Call number prefix 230.1 / RAM
Source of classification or shelving scheme Dewey Decimal Classification
Classification part 230.1
Call number suffix RAM

No items available.


© Delhi Public Library
Hit Counter
free hit counter